Focus sur: Percival Graves - Harry Potter - Statistiques

Statistiques générales
  • Ce quiz a été pris 25 fois
  • Le résultat moyen est 3 sur 5
Statistiques - réponses
Informations recherchées Réponses % Correct
Couleur des cheveux Noir
92%
Première apparition Les Animaux fantastiques 1
88%
Profession Auror/Directeur de la sécurité magique au MACUSA
79%
Acteur l'interprétant dans les films Colin Farrell
42%
Bois de la baguette Ebène
13%
Aucun quiz correspondant
Distribution des résultats
% des personnes avec chaque résultat
Percentile par nombre de réponses
Votre historique - résultats
Vous n’avez pas pris ce quiz